Самые высокие ВВП на душу населения по категориям - Statistics

General Stats
  • This quiz has been taken 1 889 times
  • The average score is 18 of 35
Answer Stats
% Correct
Бывший СССР Россия
92%
С ВВП более триллиона $ Германия
89%
С ВВП более триллиона $ США
87%
Бывший СССР Казахстан
82%
Бывший СССР Литва
80%
Бывший СССР Эстония
80%
Бывший СССР Латвия
80%
Без выхода к морю Швейцария
76%
Европейский Союз Люксембург
70%
Без выхода к морю Люксембург
70%
С ВВП более триллиона $ Канада
64%
Азия ОАЭ
61%
ОПЕК ОАЭ
61%
ОПЕК Саудовская Аравия
58%
Азия Катар
57%
Азия Сингапур
55%
Европейский Союз Австрия
54%
Без выхода к морю Австрия
54%
Европейский Союз Дания
51%
Европейский Союз Нидерланды
51%
С ВВП более триллиона $ Нидерланды
51%
Европейский Союз Ирландия
45%
ОПЕК Кувейт
39%
С ВВП более триллиона $ Австралия
39%
Без выхода к морю Сан-Марино
36%
ОПЕК Иран
35%
Азия Тайвань
33%
Без выхода к морю Андорра
33%
Азия Бруней
30%
Наименее развитые страны Бутан
15%
Наименее развитые страны Лаос
9%
ОПЕК Экваториальная Гвинея
6%
Наименее развитые страны Ангола
6%
Наименее развитые страны Эсватини
3%
Наименее развитые страны Мавритания
3%
No matching quizzes found
Score Distribution
Percent of People with Each Score
Percentile by Number Answered
Your Score History
You have not taken this quiz